El terrible derecho: estudios sobre la propiedad privada

שמור ב:
מידע ביבליוגרפי
מחבר ראשי: Rodota, Stefano (Author)
פורמט: ספר
שפה:ספרדית
יצא לאור: Madrid Civitas S.A 1986
מהדורה:1a. ed
סדרה:Monografías
נושאים:
תגים: הוספת תג
אין תגיות, היה/י הראשונ/ה לתייג את הרשומה!

MARC

LEADER 00000cam a2200000 a 4500
001 UCC9899
003 CL-VaPUC
005 20220913155319.0
008 191122e19860000sp spa d
020 |a 8473984633 
082 0 4 |a 346.001  |b ROD  |2 21 
100 1 |a Rodota, Stefano  |e author  |9 605218 
245 1 3 |a El terrible derecho: estudios sobre la propiedad privada 
250 |a 1a. ed 
260 |a Madrid  |b Civitas S.A  |c 1986 
300 |a 425 p 
490 0 |a Monografías 
583 |a last modification  |c 20191122 12:01:00  |k Rodrigo Vera 
650 0 0 |a Derecho privado  |9 258243 
650 0 0 |a Bienes públicos  |9 390900 
650 0 0 |a Propiedad privada  |9 257919 
942 |c BK 
945 |a dcastane  |d 20191122 12:01:00 
999 |c 376207  |d 376205 
952 |0 0  |1 0  |3 erb  |4 0  |6 346_001000000000000_ROD_1986  |7 0  |8 A  |9 495513  |a BIBDER  |b BIBDER  |e Precht Pizarro, Jorge Enrique  |i 5610370  |o 346.001 ROD 1986  |p 5610370  |r 2023-01-25  |w 2020-01-06  |y BK  |z Catalogado en:20191122  |k DER